000 01041cam a22002054a 4500
005 20250605164021.0
008 250528s ||||||||||||||||||||||||d
035 _a16346
020 _a801481538
040 _aGR-AtMCL
_bgre
_dGR-AtMCL
_eAACR2
245 1 _aThe Practice of Theory / Postculturalism, Cultural Politics, and Art History
260 _bCornell University Press,
_c1994
300 _a158
505 0 _aPreface, Introduction: History and Theory and Cultural Politics, Cultural Politics: Theory, Introduction, Representation, Ideology, Authorship, Cultural Politics: Practice, Panofsky's Melancholia, The Paradox of Mimesis, Seeing Through, Making Genius, Index.
520 _aPreface, Introduction: History and Theory and Cultural Politics, Cultural Politics: Theory, Introduction, Representation, Ideology, Authorship, Cultural Politics: Practice, Panofsky's Melancholia, The Paradox of Mimesis, Seeing Through, Making Genius, Index.
700 1 _aMoxey Keith
_92439
942 _cBK
999 _c1857
_d1857